| 000 | 01725cam a2200373 i 4500 | ||
|---|---|---|---|
| 001 | 19650832 | ||
| 005 | 20191106104833.0 | ||
| 008 | 191106t2017 stk b 001 0 eng d | ||
| 010 | _a 2016590074 | ||
| 015 |
_aGBB722473 _2bnb |
||
| 020 | _z9780748675500 | ||
| 020 | _z0748675507 | ||
| 020 | _a9780748675517 (2a.Ed.) | ||
| 020 | _z0748675515 | ||
| 020 | _z9780748675524 | ||
| 020 | _z9780748675531 | ||
| 035 | _a(OCoLC)ocn976439223 | ||
| 040 |
_aCO-BoUCM _bspa _cSaul Niño _dSaul Niño |
||
| 041 | 0 | _aeng | |
| 100 | 1 |
_aCarty, Anthony _999141 |
|
| 245 | 1 | 0 |
_aPhilosophy of international law _cAnthony Carty |
| 250 | _aSegunda edición | ||
| 260 |
_aEdinburgh _bEdinburgh University Press _c[2017] |
||
| 300 | _a300 páginas | ||
| 505 | 0 | _aIntroduction : what place for doctrine in a time of fragmentation? -- Continuing uncertainty in the mainstream -- Towards a new theory of personality in international law -- The existence of states and the use of force -- International economic/finance law--a critique. | |
| 520 | _aTracks the development of the foundations of the philosophies of international law, covering the natural, analytical, positivist, realist and postmodern legal traditions. You'll learn how these approaches were first conceived and how they shape the network of relationships between the signatories of international law --Source other than the Library of Congress. | ||
| 546 | _aTexto en inglés | ||
| 650 | 7 |
_aDerecho internacional _xFilosofía _912776 |
|
| 650 | 7 |
_aDerecho y sociedad _912849 |
|
| 650 | 7 |
_aDerecho internacional _xFilosofía _912776 |
|
| 650 | 7 |
_aDerecho _97494 |
|
| 942 |
_2DEWEY _a8 _cLIBRO _e2 _h341.01 _mC329p |
||
| 999 |
_c316243 _d316243 |
||